[Event "Goch op 27th"]
[Site "Goch"]
[Date "2016.09.03"]
[Round "4"]
[White "Bruil, Rembrandt"]
[Black "Maassen, Hermann"]
[Result "1-0"]
[WhiteElo "1925"]
[BlackElo "1825"]
[PlyCount "49"]
[EventDate "2016.09.01"]
[EventType "swiss"]
[EventRounds "7"]
[EventCountry "GER"]
[SourceTitle "EXT 2018"]
[Source "ChessBase"]
[SourceDate "2017.10.13"]
[SourceVersion "1"]
[SourceVersionDate "2017.10.13"]
[SourceQuality "1"]

1. c4 e5 2. Nc3 Nf6 3. g3 c6 4. Bg2 Bb4 5. Nf3 d6 6. 0-0 0-0 7. d4 exd4 8. Qxd4 Bc5 9. Qd3 a5 10. Rd1 Qe7 11. Bf4 Rd8 12. Ng5 h6 13. Nge4 Nxe4 14. Qxe4 Qf8 15. Qd3 Na6 16. Ne4 Nb4 17. Qd2 Be6 18. a3 Na6 19. Rac1 d5 20. cxd5 Bxd5 21. Qxa5 b6 22. Qc3 Bxe4 23. Bxe4 Qe7 24. Rxd8+ Rxd8 25. Qf3 1-0

[Event "Goch op 27th"]
[Site "Goch"]
[Date "2016.09.02"]
[Round "2"]
[White "Maassen, Hermann"]
[Black "Fallier, Alfred"]
[Result "1-0"]
[WhiteElo "1825"]
[BlackElo "1373"]
[PlyCount "115"]
[EventDate "2016.09.01"]
[EventType "swiss"]
[EventRounds "7"]
[EventCountry "GER"]
[SourceTitle "EXT 2018"]
[Source "ChessBase"]
[SourceDate "2017.10.13"]
[SourceVersion "1"]
[SourceVersionDate "2017.10.13"]
[SourceQuality "1"]

1. e4 c5 2. Nf3 Nc6 3. d4 e6 4. d5 exd5 5. exd5 Nd4 6. Nxd4 cxd4 7. Qxd4 Qe7+ 8. Be3 Nf6 9. Bd3 Qb4+ 10. Qxb4 Bxb4+ 11. c3 Bd6 12. c4 Bb4+ 13. Nc3 0-0 14. 0-0 Ng4 15. Bd4 d6 16. h3 Ne5 17. Be2 f5 18. f4 Ng6 19. Rae1 Bd7 20. Bd3 b6 21. Re2 Bc5 22. Bxc5 dxc5 23. g3 a5 24. Rfe1 h5 25. h4 Kh7 26. Kg2 Rf7 27. Nb1 Rb8 28. Nd2 b5 29. b3 a4 30. Nf3 Kh6 31. Ne5 Nxe5 32. fxe5 Be8 33. Kf3 bxc4 34. Bxc4 Rfb7 35. Kf4 g6 36. e6 Rb4 37. Ke5 Bb5 38. Bxb5 R4xb5 39. bxa4 Ra5 40. Kf6 Ra6 41. Ke7 Kg7 42. Kd7 Rb7+ 43. Kc8 Re7 44. Kb8 Rb6+ 45. Ka8 Rbb7 46. d6 Ra7+ 47. Kb8 Reb7+ 48. Kc8 Kf8 49. d7 Rc7+ 50. Kd8 Rcb7 51. e7+ Kg7 52. e8Q Ra8+ 53. Ke7 Rxe8+ 54. Kxe8 Rb8+ 55. Ke7 Rb7 56. Kd6 Rb8 57. Kxc5 Rf8 58. Re8 1-0

[Event "Goch op 24th"]
[Site "Goch"]
[Date "2013.09.07"]
[Round "4"]
[White "Kleinschmidt, Irmtraud"]
[Black "Maassen, Hermann"]
[Result "0-1"]
[WhiteElo "1499"]
[BlackElo "1820"]
[PlyCount "72"]
[EventDate "2013.09.05"]
[EventType "swiss"]
[EventRounds "7"]
[EventCountry "GER"]
[SourceTitle "EXT 2015"]
[Source "ChessBase"]
[SourceDate "2014.11.20"]
[SourceVersion "1"]
[SourceVersionDate "2014.11.20"]
[SourceQuality "1"]

1. e4 e5 2. c4 Nf6 3. Nc3 c6 4. Be2 Bb4 5. d3 h6 6. Bd2 0-0 7. a3 Ba5 8. b4 Bc7 9. Be3 d5 10. cxd5 cxd5 11. Nxd5 Nxd5 12. exd5 Qxd5 13. Bf3 Qe6 14. Ne2 Nc6 15. 0-0 f5 16. g3 Bd7 17. Bg2 a6 18. Rb1 f4 19. gxf4 exf4 20. Bc5 Rf5 21. Qb3 Qxb3 22. Rxb3 f3 23. Nd4 Nxd4 24. Bh3 Rg5+ 25. Kh1 Nxb3 26. Bxd7 Nxc5 27. bxc5 Rd8 28. Be6+ Kf8 29. Bc4 Rh5 30. Re1 Bxh2 31. Re3 Bf4+ 32. Kg1 Bxe3 33. fxe3 b5 34. Be6 Ke7 35. Bf5 Rxf5 36. e4 Rff8 0-1

[Event "Bad Godesberg op 17th"]
[Site "Bad Godesberg"]
[Date "2013.08.11"]
[Round "9"]
[White "Maassen, Hermann"]
[Black "Leymann, Peter"]
[Result "0-1"]
[WhiteElo "1831"]
[BlackElo "1717"]
[PlyCount "20"]
[EventDate "2013.08.03"]
[EventType "swiss"]
[EventRounds "9"]
[EventCountry "GER"]
[SourceTitle "CBM 155 Extra"]
[Source "ChessBase"]
[SourceDate "2013.08.26"]
[SourceVersion "1"]
[SourceVersionDate "2013.08.26"]
[SourceQuality "1"]

1. e4 c5 2. Nf3 a6 3. d4 cxd4 4. Nxd4 d6 5. Be2 Nf6 6. Nc3 g6 7. Be3 e5 8. Nb3 Be6 9. Qd2 Nbd7 10. Bh6 Be7 0-1

[Event "Bad Godesberg op 16th"]
[Site "Bad Godesberg"]
[Date "2012.07.07"]
[Round "1"]
[White "Maassen, Hermann"]
[Black "Rausis, Igors"]
[Result "0-1"]
[WhiteElo "1832"]
[BlackElo "2496"]
[PlyCount "98"]
[EventDate "2012.07.07"]
[EventType "swiss"]
[EventRounds "9"]
[EventCountry "GER"]
[SourceTitle "CBM 149 Extra"]
[Source "ChessBase"]
[SourceDate "2012.08.24"]
[SourceVersion "1"]
[SourceVersionDate "2012.08.24"]
[SourceQuality "1"]

1. e4 c6 2. d4 d5 3. e5 Bf5 4. Bd3 Bxd3 5. Qxd3 Qa5+ 6. c3 Qa6 7. Qxa6 Nxa6 8. Be3 f6 9. f4 Nh6 10. h3 Nf5 11. Bf2 h5 12. Nf3 h4 13. Nbd2 e6 14. Nb3 fxe5 15. fxe5 Be7 16. Ke2 Rc8 17. Rag1 b6 18. g4 hxg3 19. Bxg3 Rh5 20. Bf2 Kf7 21. Rg4 Rch8 22. Ng1 Nb8 23. Nd2 Nd7 24. Nf1 c5 25. Ng3 R5h7 26. Nxf5 exf5 27. Rf4 cxd4 28. Bxd4 Ke6 29. Rf3 g5 30. Kf2 f4 31. Ne2 Nxe5 32. Bxe5 Kxe5 33. Nd4 Kf6 34. Kg2 Bc5 35. Re1 Re7 36. Rxe7 Kxe7 37. Nc6+ Kd7 38. Ne5+ Ke6 39. Ng4 d4 40. Rf1 dxc3 41. Re1+ Kd5 42. bxc3 f3+ 43. Kxf3 Rxh3+ 44. Kg2 Rxc3 45. Re5+ Kd4 46. Rxg5 Rc2+ 47. Kf3 Rxa2 48. Nf6 a5 49. Rd5+ Kc4 0-1

[Event "Bad Godesberg op 15th"]
[Site "Bad Godesberg"]
[Date "2011.07.29"]
[Round "7"]
[White "Maassen, Hermann"]
[Black "Adomeit, Herbert"]
[Result "0-1"]
[WhiteElo "1523"]
[BlackElo "1606"]
[PlyCount "58"]
[EventDate "2011.07.23"]
[EventType "swiss"]
[EventRounds "9"]
[EventCountry "GER"]
[SourceTitle "EXT 2017"]
[Source "ChessBase"]
[SourceDate "2016.10.25"]
[SourceVersion "1"]
[SourceVersionDate "2016.10.25"]
[SourceQuality "1"]

1. e4 c5 2. Nf3 d6 3. d4 cxd4 4. Nxd4 Nc6 5. Be2 Nf6 6. Nc3 Qb6 7. Nxc6 bxc6 8. 0-0 g6 9. Rb1 Bg7 10. Be3 Qc7 11. Qd2 Bb7 12. f3 0-0 13. Kh1 d5 14. exd5 Nxd5 15. Nxd5 cxd5 16. c3 a5 17. f4 e6 18. Bd4 Bh6 19. Bf6 e5 20. Bg5 Bxg5 21. fxg5 e4 22. Qd4 Qe7 23. Rf6 e3 24. Rbf1 Rae8 25. Qb6 a4 26. Bb5 Rb8 27. Bxa4 e2 28. Re1 Qe5 29. h4 Qe4 0-1

[Event "Troisdorf op"]
[Site "Troisdorf"]
[Date "2008.11.11"]
[Round "5"]
[White "Karwatzki, Hans Juergen"]
[Black "Maassen, Hermann"]
[Result "0-1"]
[WhiteElo "1690"]
[BlackElo "1495"]
[PlyCount "90"]
[EventDate "2008.10.14"]
[EventType "swiss"]
[EventRounds "7"]
[EventCountry "GER"]
[SourceTitle "EXT 2011"]
[Source "ChessBase"]
[SourceDate "2010.11.26"]
[SourceVersion "1"]
[SourceVersionDate "2010.11.26"]
[SourceQuality "1"]

1. e4 e6 2. d4 d5 3. exd5 exd5 4. Nf3 Nf6 5. c4 Bb4+ 6. Nc3 0-0 7. a3 Re8+ 8. Be3 Bxc3+ 9. bxc3 Ng4 10. Qd2 Qe7 11. cxd5 Nxe3 12. fxe3 Bf5 13. Bd3 Qxe3+ 14. Qxe3 Rxe3+ 15. Be2 Rxc3 16. 0-0 Nd7 17. Ne5 Nxe5 18. Rxf5 Nc4 19. a4 Re8 20. Bf3 Rce3 21. Kf2 Nd6 22. Rf4 Rc3 23. a5 h6 24. h4 a6 25. h5 Rc2+ 26. Kg3 Rd2 27. Rc1 Nb5 28. d6 c6 29. d7 Rd8 30. Re4 Rxd7 31. Re8+ Kh7 32. Be4+ g6 33. hxg6+ fxg6 34. Rf1 Nd6 35. Re5 Nxe4+ 36. Rxe4 Kg7 37. Re8 Rd3+ 38. Kh2 R3xd4 39. Rff8 h5 40. Rg8+ Kh6 41. Rh8+ Kg5 42. Re5+ Kf6 43. Re1 R4d5 44. Rf8+ Rf7 45. Rfe8 Rxa5 0-1

[Event "Troisdorf op"]
[Site "Troisdorf"]
[Date "2008.10.28"]
[Round "3"]
[White "Ziabari, Morteza"]
[Black "Maassen, Hermann"]
[Result "1-0"]
[WhiteElo "1851"]
[BlackElo "1495"]
[PlyCount "79"]
[EventDate "2008.10.14"]
[EventType "swiss"]
[EventRounds "7"]
[EventCountry "GER"]
[SourceTitle "EXT 2011"]
[Source "ChessBase"]
[SourceDate "2010.11.26"]
[SourceVersion "1"]
[SourceVersionDate "2010.11.26"]
[SourceQuality "1"]

1. e4 e6 2. d4 d5 3. e5 c5 4. c3 Nc6 5. Nf3 Qb6 6. Bd3 Bd7 7. 0-0 Nh6 8. dxc5 Bxc5 9. Bxh6 gxh6 10. Qc2 Rc8 11. Qd2 Bf8 12. Re1 Ne7 13. Na3 Ng6 14. Nc2 Qxb2 15. Rab1 Qxc3 16. Rxb7 Qxd2 17. Nxd2 Nf4 18. Rxd7 Kxd7 19. Bb5+ Kd8 20. Ne3 Bb4 21. Rd1 Bxd2 22. Rxd2 Rc1+ 23. Bf1 Rg8 24. g3 h5 25. Rb2 Kc7 26. Rb4 Nd3 27. Ra4 Kb6 28. f4 Rgc8 29. Kg2 Nc5 30. Rb4+ Kc7 31. Kh3 Rb8 32. Rd4 Rb2 33. a4 Rb3 34. Nd1 Nxa4 35. Rxa4 Rxd1 36. Be2 Rd2 37. Bxh5 d4 38. Bxf7 d3 39. Bxe6 Re2 40. Bxb3 1-0

[Event "Troisdorf op"]
[Site "Troisdorf"]
[Date "2008.10.14"]
[Round "1"]
[White "Gutt, Oswald"]
[Black "Maassen, Hermann"]
[Result "1-0"]
[WhiteElo "1931"]
[BlackElo "1495"]
[PlyCount "49"]
[EventDate "2008.10.14"]
[EventType "swiss"]
[EventRounds "7"]
[EventCountry "GER"]
[SourceTitle "EXT 2011"]
[Source "ChessBase"]
[SourceDate "2010.11.26"]
[SourceVersion "1"]
[SourceVersionDate "2010.11.26"]
[SourceQuality "1"]

1. d4 Nf6 2. Nf3 e6 3. c4 Bb4+ 4. Nbd2 Ne4 5. Qc2 Nxd2 6. Nxd2 0-0 7. a3 Be7 8. e3 b6 9. Bd3 h6 10. 0-0 Bb7 11. e4 d5 12. Nf3 dxc4 13. Bxc4 Nd7 14. Rd1 Nf6 15. Bd3 Rc8 16. b4 c6 17. Qe2 Qc7 18. Bb2 Qb8 19. Rac1 Rfd8 20. Bb1 Qa8 21. e5 Nd5 22. Qe4 f6 23. h4 c5 24. Qg4 h5 25. Qg3 1-0

[Event "Hennef op 20th"]
[Site "Hennef"]
[Date "2006.12.12"]
[Round "6"]
[White "Puetzstueck, Peter"]
[Black "Maassen, Hermann"]
[Result "0-1"]
[WhiteElo "1016"]
[BlackElo "1597"]
[PlyCount "88"]
[EventDate "2006.11.08"]
[EventType "swiss"]
[EventRounds "7"]
[EventCountry "GER"]
[SourceTitle "EXT 2009"]
[Source "ChessBase"]
[SourceDate "2008.11.26"]
[SourceVersion "1"]
[SourceVersionDate "2008.11.26"]
[SourceQuality "1"]
[BlackTeam "Germany"]
[BlackTeamCountry "GER"]

1. e4 g6 2. d4 Bg7 3. e5 d6 4. f4 dxe5 5. dxe5 Qxd1+ 6. Kxd1 f6 7. exf6 Nxf6 8. Bb5+ c6 9. Bd3 0-0 10. h3 Nd5 11. Ne2 Nd7 12. Nbc3 N7b6 13. a4 Nb4 14. a5 Nxd3 15. cxd3 Nd5 16. Nxd5 cxd5 17. d4 Bd7 18. Be3 Rac8 19. Nc3 e6 20. g4 Rc4 21. Ne2 Rfc8 22. Rc1 Ba4+ 23. Kd2 Rc2+ 24. Rxc2 Rxc2+ 25. Kd3 Rxb2 26. Ra1 Bb5+ 27. Kc3 Rxe2 28. Kb4 Bc4 29. Bg1 Re4 30. f5 exf5 31. gxf5 gxf5 32. Rd1 Bf8+ 33. Kc3 Rh4 34. Rb1 Rxh3+ 35. Kd2 Bh6+ 36. Ke1 Rb3 37. Rxb3 Bxb3 38. Ke2 Bf8 39. Be3 Bb4 40. Bd2 Bxd2 41. Kxd2 Kf7 42. Ke3 Kf6 43. Kf4 b5 44. axb6 axb6 0-1

[Event "Dortmund Sparkassen op-B"]
[Site "Dortmund"]
[Date "2006.08.05"]
[Round "8"]
[White "Maassen, Hermann"]
[Black "Schrimpl, Michael"]
[Result "1-0"]
[WhiteElo "1873"]
[BlackElo "1437"]
[PlyCount "61"]
[EventDate "2006.07.28"]
[EventType "swiss"]
[EventRounds "9"]
[EventCountry "GER"]
[SourceTitle "CBM 113 Extra"]
[Source "ChessBase"]
[SourceDate "2006.09.14"]
[SourceVersion "1"]
[SourceVersionDate "2006.09.14"]
[SourceQuality "1"]

1. e4 c6 2. d4 d5 3. e5 Bf5 4. f4 e6 5. Nf3 Nd7 6. Bd3 Bxd3 7. Qxd3 h6 8. f5 exf5 9. Qxf5 Ne7 10. Qd3 Ng6 11. e6 Nf6 12. exf7+ Kxf7 13. Ne5+ Nxe5 14. dxe5 Ne4 15. Qf3+ Ke6 16. Rf1 Qe8 17. Qf5+ Ke7 18. Nc3 Nxc3 19. bxc3 Kd8 20. Bb2 Bc5 21. 0-0-0 Rf8 22. Qd3 Rxf1 23. Qxf1 Kd7 24. c4 Qf8 25. Qd3 Qf4+ 26. Kb1 d4 27. Rf1 Qxe5 28. c3 Qe3 29. Rf7+ Ke8 30. Qf5 d3 31. Qd7# 1-0

[Event "Dortmund Sparkassen op-B"]
[Site "Dortmund"]
[Date "2006.07.28"]
[Round "2"]
[White "Maassen, Hermann"]
[Black "Spisla, Dominik"]
[Result "1-0"]
[WhiteElo "1873"]
[BlackElo "1482"]
[PlyCount "39"]
[EventDate "2006.07.28"]
[EventType "swiss"]
[EventRounds "9"]
[EventCountry "GER"]
[SourceTitle "CBM 113 Extra"]
[Source "ChessBase"]
[SourceDate "2006.09.14"]
[SourceVersion "1"]
[SourceVersionDate "2006.09.14"]
[SourceQuality "1"]

1. e4 c5 2. d4 cxd4 3. f4 Nc6 4. Nf3 d6 5. Bd3 g6 6. 0-0 Bg7 7. Nbd2 Nf6 8. h3 0-0 9. Nb3 Qb6 10. Kh1 Bd7 11. Bd2 Rac8 12. Qe1 a6 13. a3 e5 14. f5 Kh8 15. Qh4 Nh5 16. g4 Bf6 17. Bg5 Bxg5 18. Nxg5 Nf6 19. fxg6 fxg6 20. Rxf6 1-0

[Event "Dortmund op-B"]
[Site "Dortmund"]
[Date "2003.08.10"]
[Round "9"]
[White "Kaiser, Stefan"]
[Black "Maassen, Hermann"]
[Result "1-0"]
[WhiteElo "1468"]
[BlackElo "1669"]
[PlyCount "33"]
[EventDate "2003.08.01"]
[EventType "swiss"]
[EventRounds "9"]
[EventCountry "GER"]
[SourceTitle "CBM 095 Extra"]
[Source "ChessBase"]
[SourceDate "2003.09.04"]
[SourceVersion "1"]
[SourceVersionDate "2003.09.04"]
[SourceQuality "1"]

1. e4 e6 2. d4 d5 3. e5 c5 4. c3 Nc6 5. Nf3 Qb6 6. Na3 cxd4 7. cxd4 Bb4+ 8. Bd2 Bxa3 9. bxa3 Nxd4 10. Bd3 Nxf3+ 11. Qxf3 Ne7 12. 0-0 0-0 13. Bb4 Re8 14. Rac1 Bd7 15. Bc5 Qb2 16. Qe3 Bc6 17. Rc2 1-0

[Event "Wch Seniors 12th"]
[Site "Naumburg"]
[Date "2002.11.02"]
[Round "11"]
[White "Maassen, Hermann"]
[Black "De Mol, Ferdinand"]
[Result "1-0"]
[WhiteElo "1635"]
[BlackElo "1313"]
[PlyCount "111"]
[EventDate "2002.10.21"]
[EventType "swiss"]
[EventRounds "11"]
[EventCountry "GER"]
[SourceTitle "EXT 2006"]
[Source "ChessBase"]
[SourceDate "2005.11.24"]
[SourceVersion "1"]
[SourceVersionDate "2005.11.24"]
[SourceQuality "1"]

1. e4 c5 2. d4 cxd4 3. f4 Qa5+ 4. Nd2 e6 5. Ngf3 Nc6 6. Bd3 Bc5 7. 0-0 Bb6 8. e5 Qb4 9. Ne4 Bc7 10. c3 dxc3 11. bxc3 Qe7 12. a4 f5 13. exf6 Nxf6 14. Ba3 d6 15. Nfg5 Bd7 16. Nxf6+ Qxf6 17. Ne4 Qe7 18. Bc2 0-0-0 19. Nxd6+ Bxd6 20. Bxd6 Qf6 21. Qf3 e5 22. Rad1 exf4 23. Bxf4 g5 24. Bg3 Qxf3 25. Rxf3 g4 26. Rf7 h5 27. Bh4 Ne5 28. Re7 Rde8 29. Rd5 Rxe7 30. Bxe7 Nc6 31. Kf2 Re8 32. Bd6 h4 33. Rh5 h3 34. gxh3 gxh3 35. Bf5 Bxf5 36. Rxf5 Rh8 37. Rf8+ Rxf8+ 38. Bxf8 Ne5 39. Kg3 Kd7 40. Kxh3 Ke6 41. a5 a6 42. Bg7 Nd7 43. Kg4 Kf7 44. Bd4 Kg6 45. h4 Nf8 46. h5+ Kh6 47. Be3+ Kh7 48. Kg5 Ne6+ 49. Kf6 Nd8 50. c4 Nc6 51. Bd2 Nb8 52. Ke6 Nc6 53. Kd6 Nd4 54. Kc7 Nb3 55. Bb4 Kh6 56. Kxb7 1-0

[Event "Wch Seniors 12th"]
[Site "Naumburg"]
[Date "2002.10.31"]
[Round "9"]
[White "Maassen, Hermann"]
[Black "Braune, Herbert"]
[Result "1-0"]
[WhiteElo "1635"]
[BlackElo "1556"]
[PlyCount "85"]
[EventDate "2002.10.21"]
[EventType "swiss"]
[EventRounds "11"]
[EventCountry "GER"]
[SourceTitle "EXT 2006"]
[Source "ChessBase"]
[SourceDate "2005.11.24"]
[SourceVersion "1"]
[SourceVersionDate "2005.11.24"]
[SourceQuality "1"]

1. e4 e5 2. f4 exf4 3. Nf3 d5 4. exd5 Qxd5 5. Nc3 Qd8 6. Bc4 Bd6 7. 0-0 Nf6 8. Re1+ Be6 9. Ng5 Bc5+ 10. Kh1 0-0 11. Bxe6 fxe6 12. Nxe6 Qd6 13. Nxf8 Qxf8 14. d4 Bd6 15. Rf1 g5 16. Qd3 Nc6 17. Qb5 Nxd4 18. Qxg5+ Qg7 19. Qxg7+ Kxg7 20. Bxf4 Nxc2 21. Rac1 Bxf4 22. Rxf4 Re8 23. Kg1 Ne3 24. Nb5 c6 25. Nd6 Re7 26. Nf5+ Nxf5 27. Rxf5 Nd5 28. Kf2 Nb6 29. Rc3 Nd5 30. Rg3+ Kh6 31. Rgf3 Kg6 32. h4 h5 33. Rg5+ Kh6 34. Rf8 Kh7 35. Rxh5+ Kg7 36. Rf3 Nf6 37. Rg5+ Kf7 38. Rgf5 Re6 39. g4 Ke7 40. R5f4 Ne4+ 41. Kg2 Nd6 42. g5 Re2+ 43. Rf2 1-0

[Event "Bad Woerishofen Seniors op 18th"]
[Site "Bad Woerishofen"]
[Date "2002.03.07"]
[Round "1"]
[White "Kuehn, Peter1111"]
[Black "Maassen, Hermann"]
[Result "1-0"]
[WhiteElo "1927"]
[BlackElo "1701"]
[PlyCount "57"]
[EventDate "2002.03.??"]
[EventType "swiss"]
[EventRounds "9"]
[EventCountry "GER"]
[SourceTitle "EXT 2006"]
[Source "ChessBase"]
[SourceDate "2005.11.24"]
[SourceVersion "1"]
[SourceVersionDate "2005.11.24"]
[SourceQuality "1"]

1. e4 e6 2. d3 d5 3. Nd2 Bc5 4. Ngf3 Nf6 5. Be2 Bxf2+ 6. Kxf2 Ng4+ 7. Kg3 e5 8. h3 Ne3 9. Qg1 Nxc2 10. Rb1 Nc6 11. Nb3 dxe4 12. dxe4 Be6 13. Bb5 0-0 14. Bxc6 bxc6 15. Qc5 Qd3 16. Qxe5 Bxb3 17. axb3 Rfe8 18. Qc3 Qxe4 19. Bf4 Rab8 20. Rbc1 Nb4 21. Rce1 Qg6+ 22. Kh2 Nd5 23. Qc1 Red8 24. Bg3 Rxb3 25. Re2 Nf6 26. Bxc7 Rf8 27. Rhe1 Nd5 28. Re8 Nxc7 29. Rxf8+ 1-0

[Event "Lohmar op"]
[Site "Lohmar"]
[Date "2000.03.25"]
[Round "9"]
[White "Baumgarten, Fred"]
[Black "Maassen, Hermann"]
[Result "1/2-1/2"]
[WhiteElo "1558"]
[BlackElo "1705"]
[PlyCount "50"]
[EventDate "2000.01.28"]
[EventType "swiss"]
[EventRounds "9"]
[EventCountry "GER"]
[SourceTitle "EXT 2006"]
[Source "ChessBase"]
[SourceDate "2005.11.24"]
[SourceVersion "1"]
[SourceVersionDate "2005.11.24"]
[SourceQuality "1"]

1. e4 e5 2. Bc4 Nf6 3. Nc3 Nxe4 4. Bxf7+ Kxf7 5. Nxe4 d5 6. Qf3+ Kg8 7. Ng3 e4 8. Qb3 Bc5 9. Nxe4 Bb6 10. Nf3 c6 11. d4 Qe8 12. Be3 Qxe4 13. 0-0-0 h6 14. Rhe1 Bf5 15. Bxh6 Qxc2+ 16. Qxc2 Bxc2 17. Re8+ Kh7 18. Rxh8+ Kxh8 19. Kxc2 gxh6 20. Ne5 Na6 21. f4 Rg8 22. g3 Nc7 23. f5 Re8 24. f6 Rxe5 25. dxe5 Ne6 1/2-1/2